Combatir contra la pobreza rural : (Registro nro. 31069)
[ vista simple ]
| 000 -CABECERA | |
|---|---|
| campo de control de longitud fija | 00602nam a2200157 a 4500 |
| 001 - NÚMERO DE CONTROL | |
| campo de control | 000031577 |
| 005 - FECHA Y HORA DE LA ÚLTIMA TRANSACCIÓN | |
| campo de control | 20200930063028.0 |
| 008 - DATOS DE LONGITUD FIJA--INFORMACIÓN GENERAL | |
| campo de control de longitud fija | 110627s1983 it c 000 0 spa d |
| 040 ## - FUENTE DE LA CATALOGACIÓN | |
| Centro catalogador/agencia de origen | DO-SdBNP |
| Lengua de catalogación | spa |
| Centro/agencia transcriptor | BNPHU |
| 082 ## - NÚMERO DE LA CLASIFICACIÓN DECIMAL DEWEY | |
| Número de clasificación | xxxx |
| Número de documento/Ítem | C729p |
| 049 ## - FONDOS LOCALES (OCLC) | |
| Fondos de biblioteca | BNGR |
| 245 00 - MENCIÓN DE TÍTULO | |
| Título | Combatir contra la pobreza rural : |
| Resto del título | programa de acción de la FAO para la reorma agraria y el desarrollo rural / |
| Mención de responsabilidad, etc. | prefacio Edouard Saouma. |
| 260 ## - PUBLICACIÓN, DISTRIBUCIÓN, ETC. | |
| Lugar de publicación, distribución, etc. | Roma : |
| Nombre del editor, distribuidor, etc. | Organización de las Naciones Unidas para la Agricultura y la Alimentación, |
| Fecha de publicación, distribución, etc. | 1983. |
| 300 ## - DESCRIPCIÓN FÍSICA | |
| Extensión | iii, 43 p. : |
| Otras características físicas | retrs. ; |
| Dimensiones | 22 cm. |
| 700 12 - PUNTO DE ACCESO ADICIONAL--NOMBRE DE PERSONA | |
| Nombre de persona | Saouma, Edouard, |
| Término indicativo de función/relación | pref. |
| 9 (RLIN) | 57917 |
| Estado de retiro | Estado de pérdida | Restricciones de uso | No para préstamo | Código de colección | Localización permanente | Ubicación/localización actual | Ubicación en estantería | Fecha de adquisición | Número de inventario | Total de préstamos | Signatura topográfica completa | Código de barras | Fecha visto por última vez | Precio válido a partir de | Tipo de ítem Koha | Número de copia |
|---|---|---|---|---|---|---|---|---|---|---|---|---|---|---|---|---|
| Excluido de préstamo | Monografías: Libros y Folletos | General | General | En catalogación | 27.06.2011 | LF1 | xxxx C729p | 31577-10 | 25.06.2020 | 25.06.2020 | No se presta | |||||
| Excluido de préstamo | Monografías: Libros y Folletos | General | General | En catalogación | 27.06.2011 | LF1 | xxxx C729p | 31577-20 | 25.06.2020 | 25.06.2020 | No se presta | e. 2 |
